[Event "Bundesliga 9596"]
[Site "Deutschland"]
[Date "1995.??.??"]
[Round "?.2"]
[White "Piskov, Yury"]
[Black "Lobron, Eric"]
[Result "0-1"]
[WhiteElo "2535"]
[BlackElo "2595"]
[PlyCount "80"]
[EventDate "1995.10.??"]
[EventType "team"]
[EventRounds "15"]
[EventCountry "GER"]
[SourceTitle "Bundesliga 9596"]
[Source "DeepChess"]
[SourceDate "2005.01.01"]
[SourceVersion "1"]
[SourceVersionDate "2005.01.01"]
[SourceQuality "1"]
[WhiteTeam "SG Bochum 31"]
[BlackTeam "SV Empor Berlin e.V."]
[WhiteTeamCountry "GER"]
[BlackTeamCountry "GER"]

1. d4 Nf6 2. Nf3 e6 3. e3 b6 4. Bd3 Bb7 5. O-O c5 6. c4 Be7 7. b3 Nc6 8. Nbd2
O-O 9. Bb2 cxd4 10. exd4 d5 11. Qe2 Nb4 12. Bb1 Re8 13. Ne5 Bf8 14. Ndf3 Rc8
15. Rd1 g6 16. a3 Nc6 17. Ba2 Bg7 18. Rac1 dxc4 19. bxc4 Nd7 20. Ng4 Na5 21.
Qe3 Qe7 22. h3 Qf8 23. Nfe5 Nxe5 24. Nxe5 Nc6 25. f4 Nxe5 26. dxe5 Red8 27. Bb3
Qe8 28. Rxd8 Rxd8 29. c5 Qc6 30. Qf2 bxc5 31. Rxc5 Qb6 32. Ba2 Bf8 33. Rc2 Rd1+
34. Kh2 Be4 35. Qxb6 axb6 36. Re2 Bd3 37. Rf2 Bc5 38. Bb3 Rb1 39. Rd2 Be3 40.
Rxd3 Bxf4+ 0-1

[Event "Bundesliga 9596"]
[Site "Deutschland"]
[Date "1995.??.??"]
[Round "?.3"]
[White "Luther, Thomas"]
[Black "Schmittdiel, Eckhard"]
[Result "0-1"]
[WhiteElo "2550"]
[BlackElo "2435"]
[PlyCount "104"]
[EventDate "1995.10.??"]
[EventType "team"]
[EventRounds "15"]
[EventCountry "GER"]
[SourceTitle "Bundesliga 9596"]
[Source "DeepChess"]
[SourceDate "2005.01.01"]
[SourceVersion "1"]
[SourceVersionDate "2005.01.01"]
[SourceQuality "1"]
[WhiteTeam "SV Empor Berlin e.V."]
[BlackTeam "SG Bochum 31"]
[WhiteTeamCountry "GER"]
[BlackTeamCountry "GER"]

1. e4 c5 2. Nf3 Nc6 3. d4 cxd4 4. Nxd4 e5 5. Nb5 d6 6. c4 Be7 7. N1c3 a6 8. Na3
Be6 9. Nd5 Rc8 10. Be3 Bg5 11. Bb6 Qd7 12. Bd3 Bd8 13. Be3 Ba5+ 14. Bd2 Bxd2+
15. Qxd2 Qd8 16. O-O Nge7 17. Nxe7 Qxe7 18. Nc2 O-O 19. Rad1 Rfd8 20. b3 h6 21.
Rfe1 Kf8 22. Re3 Qg5 23. Bf1 Rd7 24. g3 Rcd8 25. h4 Qg6 26. Qe1 Kg8 27. Kh2 f5
28. Bh3 f4 29. Bxe6+ Qxe6 30. Red3 Qg4 31. f3 fxg3+ 32. Qxg3 Qe6 33. Qh3 Qf6
34. c5 Nd4 35. Nxd4 dxc5 36. Qxd7 Qf4+ 37. Kg2 Rxd7 38. Nf5 Rxd3 39. Rxd3 g6
40. Ne7+ Kf7 41. Rd7 Ke8 42. Rxb7 Qxh4 43. Nd5 h5 44. Rh7 Kf8 45. Nc7 Qg5+ 46.
Kf1 Qc1+ 47. Kg2 Qd2+ 48. Kf1 Kg8 49. Re7 h4 50. Nd5 h3 51. Rd7 Qg2+ 52. Ke1
Qg5 0-1

[Event "Bundesliga 9596"]
[Site "Deutschland"]
[Date "1995.??.??"]
[Round "?.4"]
[White "Backwinkel, Paul"]
[Black "Boensch, Uwe"]
[Result "1/2-1/2"]
[WhiteElo "2410"]
[BlackElo "2560"]
[PlyCount "47"]
[EventDate "1995.10.??"]
[EventType "team"]
[EventRounds "15"]
[EventCountry "GER"]
[SourceTitle "Bundesliga 9596"]
[Source "DeepChess"]
[SourceDate "2005.01.01"]
[SourceVersion "1"]
[SourceVersionDate "2005.01.01"]
[SourceQuality "1"]
[WhiteTeam "SG Bochum 31"]
[BlackTeam "SV Empor Berlin e.V."]
[WhiteTeamCountry "GER"]
[BlackTeamCountry "GER"]

1. d4 Nf6 2. Nf3 e6 3. Bg5 d5 4. e3 c5 5. c3 Nc6 6. Nbd2 Be7 7. Bd3 Qb6 8. Qb1
h6 9. Bh4 Bd7 10. O-O Rc8 11. a3 a5 12. Rc1 O-O 13. Ne5 Rfd8 14. Nxd7 Nxd7 15.
Bxe7 Nxe7 16. f4 Nf5 17. Re1 Nf6 18. Nf3 Ne4 19. Re2 Nfd6 20. Kh1 Qc7 21. g4
Qe7 22. Qg1 g5 23. Rf1 Kg7 24. Nd2 1/2-1/2

[Event "Bundesliga 9596"]
[Site "Deutschland"]
[Date "1995.??.??"]
[Round "?.5"]
[White "Tischbierek, Raj"]
[Black "Sonntag, Hans Hubert"]
[Result "1-0"]
[WhiteElo "2495"]
[BlackElo "2415"]
[PlyCount "95"]
[EventDate "1995.10.??"]
[EventType "team"]
[EventRounds "15"]
[EventCountry "GER"]
[SourceTitle "Bundesliga 9596"]
[Source "DeepChess"]
[SourceDate "2005.01.01"]
[SourceVersion "1"]
[SourceVersionDate "2005.01.01"]
[SourceQuality "1"]
[WhiteTeam "SV Empor Berlin e.V."]
[BlackTeam "SG Bochum 31"]
[WhiteTeamCountry "GER"]
[BlackTeamCountry "GER"]

1. e4 e5 2. Nf3 Nc6 3. Bb5 a6 4. Ba4 Nf6 5. O-O Be7 6. Re1 b5 7. Bb3 d6 8. c3
O-O 9. h3 Bb7 10. d4 Re8 11. Nbd2 Bf8 12. Bc2 Nb8 13. a4 Nbd7 14. Bd3 c6 15. b3
g6 16. Bb2 Bg7 17. Qc2 Qb6 18. c4 exd4 19. Bxd4 c5 20. Bb2 b4 21. Rad1 Re7 22.
Nf1 Rae8 23. Ng3 Bh6 24. Bc1 Bxc1 25. Rxc1 Bc6 26. Re2 Qb7 27. Rce1 Nf8 28. h4
Ng4 29. Qd2 Ne5 30. Nxe5 dxe5 31. Nf5 Rd7 32. Nh6+ Kg7 33. Ng4 Rd6 34. Qh6+ Kg8
35. Bc2 Qe7 36. f4 Nd7 37. Rf1 f6 38. Ref2 exf4 39. Qxf4 Rf8 40. h5 Rd4 41. Qg3
Bxe4 42. Re2 f5 43. Nh6+ Kh8 44. hxg6 hxg6 45. Qxg6 Qh7 46. Qxh7+ Kxh7 47. Nxf5
Bxc2 48. Re7+ 1-0

[Event "Bundesliga 9596"]
[Site "Deutschland"]
[Date "1995.??.??"]
[Round "?.6"]
[White "Reschke, Stefan"]
[Black "Volke, Karsten"]
[Result "1-0"]
[WhiteElo "2380"]
[BlackElo "2450"]
[PlyCount "111"]
[EventDate "1995.10.??"]
[EventType "team"]
[EventRounds "15"]
[EventCountry "GER"]
[SourceTitle "Bundesliga 9596"]
[Source "DeepChess"]
[SourceDate "2005.01.01"]
[SourceVersion "1"]
[SourceVersionDate "2005.01.01"]
[SourceQuality "1"]
[WhiteTeam "SG Bochum 31"]
[BlackTeam "SV Empor Berlin e.V."]
[WhiteTeamCountry "GER"]
[BlackTeamCountry "GER"]

1. d4 Nf6 2. c4 g6 3. g3 Bg7 4. Bg2 O-O 5. Nc3 d6 6. Nf3 Nbd7 7. O-O e5 8. e4
exd4 9. Nxd4 Re8 10. h3 Nc5 11. Re1 a5 12. Ndb5 Nfd7 13. Be3 Ne5 14. b3 Ned3
15. Re2 c6 16. Nd4 Nb4 17. Rd2 Qe7 18. Rc1 Be5 19. f4 Bg7 20. Nde2 Nxe4 21.
Bxe4 Bf5 22. a3 Bxe4 23. axb4 Bf3 24. Rd3 axb4 25. Qf1 Bh5 26. g4 Bxg4 27. hxg4
bxc3 28. Nxc3 Ra3 29. Bf2 Qf6 30. Re1 Rxe1 31. Bxe1 Qe6 32. f5 Qe5 33. Bg3 Qa5
34. Nd1 Be5 35. Qe1 Qb6+ 36. Bf2 c5 37. Ne3 Ra1 38. Rd1 Ra2 39. Rb1 Qd8 40. Nd5
Qg5 41. Qe4 Qh6 42. Qg2 Qd2 43. Qf3 Qc2 44. Re1 Rb2 45. fxg6 hxg6 46. Re3 Qc1+
47. Kg2 Qc2 48. g5 Bd4 49. Nf6+ Kg7 50. Ne8+ Kg8 51. Nxd6 Bxe3 52. Qxf7+ Kh8
53. Qe8+ Kh7 54. Qxe3 Rxb3 55. Qe7+ Kg8 56. Ne4 1-0

[Event "Bundesliga 9596"]
[Site "Deutschland"]
[Date "1995.??.??"]
[Round "?.7"]
[White "Muse, Mladen"]
[Black "Kassebaum, Roman"]
[Result "0-1"]
[WhiteElo "2445"]
[BlackElo "2360"]
[PlyCount "76"]
[EventDate "1995.10.??"]
[EventType "team"]
[EventRounds "15"]
[EventCountry "GER"]
[SourceTitle "Bundesliga 9596"]
[Source "DeepChess"]
[SourceDate "2005.01.01"]
[SourceVersion "1"]
[SourceVersionDate "2005.01.01"]
[SourceQuality "1"]
[WhiteTeam "SV Empor Berlin e.V."]
[BlackTeam "SG Bochum 31"]
[WhiteTeamCountry "GER"]
[BlackTeamCountry "GER"]

1. d4 Nf6 2. Nf3 g6 3. Bg5 Bg7 4. Nbd2 d5 5. e3 Bf5 6. Bd3 Qc8 7. Qe2 c6 8. h3
O-O 9. g4 Bxd3 10. cxd3 Na6 11. Bf4 Nd7 12. h4 h6 13. Rc1 Nc7 14. Ne5 Ne6 15.
Bg3 Nxe5 16. dxe5 Qc7 17. f4 Qb6 18. f5 Nc5 19. O-O Qb5 20. Rc3 Rfd8 21. a4
Nxa4 22. Rb3 Qa6 23. Ra3 Qb5 24. Qf2 Nc5 25. d4 Qxb2 26. Raa1 Nd3 27. Qe2 Qc2
28. Ra3 Nb4 29. Kg2 c5 30. Rf2 c4 31. Qf3 Nd3 32. Rxd3 Qxd3 33. f6 exf6 34.
exf6 Bf8 35. Bf4 Re8 36. Be5 c3 37. Nb3 c2 38. Nc1 Qd1 $138 0-1

[Event "Bundesliga 9596"]
[Site "Deutschland"]
[Date "1995.??.??"]
[Round "?.8"]
[White "Ellers, Holger"]
[Black "Kovalev, Andrei"]
[Result "1-0"]
[WhiteElo "2360"]
[BlackElo "2505"]
[PlyCount "80"]
[EventDate "1995.10.??"]
[EventType "team"]
[EventRounds "15"]
[EventCountry "GER"]
[SourceTitle "Bundesliga 9596"]
[Source "DeepChess"]
[SourceDate "2005.01.01"]
[SourceVersion "1"]
[SourceVersionDate "2005.01.01"]
[SourceQuality "1"]
[WhiteTeam "SG Bochum 31"]
[BlackTeam "SV Empor Berlin e.V."]
[WhiteTeamCountry "GER"]
[BlackTeamCountry "GER"]

1. Nf3 Nf6 2. c4 g6 3. Nc3 Bg7 4. e4 d6 5. d4 O-O 6. Be2 Nbd7 7. Be3 e5 8. d5
Ng4 9. Bg5 f6 10. Bd2 Nh6 11. h4 f5 12. Ng5 Nc5 13. b4 Nxe4 14. Ncxe4 fxe4 15.
Nxe4 Bf5 16. Bg5 Qd7 17. Bd3 a5 18. b5 Qf7 19. O-O Bxe4 20. Bxe4 Nf5 21. Qg4
Kh8 22. a4 h6 23. Bd2 h5 24. Qh3 Nd4 25. Ra3 Rg8 26. Kh1 b6 27. Rg3 Bf6 28. Be3
Raf8 29. Bxd4 exd4 30. Qe6 Qh7 31. Bd3 Rg7 32. Rf3 Re7 33. Qh3 Qh6 34. Rd1 Be5
35. Rxf8+ Qxf8 36. Rf1 Kg7 37. Kg1 Qf4 38. Kh1 Bf6 39. Bc2 Qxh4 40. Qxh4 Bxh4
1-0

[Event "Bundesliga 9596"]
[Site "Deutschland"]
[Date "1996.??.??"]
[Round "?.1"]
[White "Horvath, Tamas"]
[Black "Glek, Igor V"]
[Result "1/2-1/2"]
[WhiteElo "2410"]
[BlackElo "2635"]
[PlyCount "112"]
[EventDate "1995.10.??"]
[EventType "team"]
[EventRounds "15"]
[EventCountry "GER"]
[SourceTitle "Bundesliga 9596"]
[Source "DeepChess"]
[SourceDate "2005.01.01"]
[SourceVersion "1"]
[SourceVersionDate "2005.01.01"]
[SourceQuality "1"]
[WhiteTeam "SV Tuebingen 1870 e.V."]
[BlackTeam "SG Bochum 31"]
[WhiteTeamCountry "GER"]
[BlackTeamCountry "GER"]

1. e4 e5 2. Nf3 d6 3. d4 exd4 4. Nxd4 g6 5. Nc3 Bg7 6. Be3 Nf6 7. Qd2 O-O 8.
O-O-O Re8 9. f3 Nc6 10. g4 a6 11. h4 Ne5 12. Be2 b5 13. Bg5 c5 14. Nb3 c4 15.
Nd4 Qa5 16. a3 b4 17. axb4 Qxb4 18. Bxf6 Bxf6 19. Nd5 Qxd2+ 20. Rxd2 Bd8 21. c3
Bb7 22. Nc2 Rc8 23. Na3 f5 24. gxf5 gxf5 25. exf5 Nd3+ 26. Bxd3 Bxd5 27. Be2
Bf7 28. Nc2 Rc5 29. Nd4 Bf6 30. Bd1 Ra5 31. Kb1 Rae5 32. Re2 Rxe2 33. Nxe2 Re3
34. Nf4 Kf8 35. Ne6+ Bxe6 36. fxe6 Ke7 37. Bc2 h6 38. h5 Kxe6 39. Rf1 d5 40.
Bh7 Kd6 41. Rd1 Kc5 42. Bg8 Re5 43. Bf7 Rf5 44. Rf1 d4 45. Be6 Rxh5 46. cxd4+
Kxd4 47. Re1 Kc5 48. Re4 Rh1+ 49. Ka2 Bd4 50. Re2 Kb4 51. Bf7 c3 52. bxc3+ Kxc3
53. Rb2 h5 54. f4 h4 55. Be6 Kd3 56. Bd5 Rf1 1/2-1/2

[Event "Bundesliga 9596"]
[Site "Deutschland"]
[Date "1996.??.??"]
[Round "?.2"]
[White "Piskov, Yury"]
[Black "Palkovi, Jozsef"]
[Result "1/2-1/2"]
[WhiteElo "2520"]
[BlackElo "2480"]
[PlyCount "135"]
[EventDate "1995.10.??"]
[EventType "team"]
[EventRounds "15"]
[EventCountry "GER"]
[SourceTitle "Bundesliga 9596"]
[Source "DeepChess"]
[SourceDate "2005.01.01"]
[SourceVersion "1"]
[SourceVersionDate "2005.01.01"]
[SourceQuality "1"]
[WhiteTeam "SG Bochum 31"]
[BlackTeam "SV Tuebingen 1870 e.V."]
[WhiteTeamCountry "GER"]
[BlackTeamCountry "GER"]

1. d4 Nf6 2. c4 e6 3. Nc3 Bb4 4. e3 c5 5. Bd3 Nc6 6. Nge2 d5 7. O-O dxc4 8.
Bxc4 O-O 9. a3 cxd4 10. exd4 Bd6 11. Qd3 e5 12. d5 e4 13. Nxe4 Ne5 14. Qd4 Nxe4
15. Qxe4 Bg4 16. f4 f5 17. Qc2 Nxc4 18. Qxc4 Rc8 19. Qd3 Bc5+ 20. Kh1 Bxe2 21.
Qxe2 Qxd5 22. b4 Rfe8 23. Qa2 Qxa2 24. Rxa2 Bd4 25. Rd2 Re4 26. Bb2 Bxb2 27.
Rxb2 Rxf4 28. Kg1 Rxf1+ 29. Kxf1 Kf7 30. Rd2 Ke6 31. Re2+ Kf6 32. Rd2 Rc7 33.
Kf2 Ke5 34. h4 g6 35. b5 Rc5 36. b6 axb6 37. Rd7 Rc2+ 38. Kg1 Kf4 39. Kh2 h5
40. Rxb7 Rc6 41. Kh3 Ke5 42. a4 Kd5 43. Ra7 Rc3+ 44. Kh2 Rc4 45. Kh3 Rc3+ 46.
Kh2 Ra3 47. Rd7+ Kc5 48. Rc7+ Kd5 49. Rd7+ Ke5 50. Ra7 Kd4 51. Rd7+ Kc5 52.
Rc7+ Kd6 53. Rb7 Kc6 54. Ra7 Ra2 55. Kg3 Kd5 56. Rd7+ Ke5 57. Re7+ Kf6 58. Rb7
Ra3+ 59. Kh2 Rxa4 60. Rxb6+ Kg7 61. g3 Rg4 62. Kh3 Re4 63. Kg2 Kf7 64. Kf3 Rg4
65. Rb7+ Kf6 66. Rb6+ Kg7 67. Rb7+ Kh6 68. Rf7 1/2-1/2

[Event "Bundesliga 9596"]
[Site "Deutschland"]
[Date "1996.??.??"]
[Round "?.3"]
[White "Kraut, Rainer"]
[Black "Schmittdiel, Eckhard"]
[Result "1-0"]
[WhiteElo "2445"]
[BlackElo "2430"]
[PlyCount "59"]
[EventDate "1995.10.??"]
[EventType "team"]
[EventRounds "15"]
[EventCountry "GER"]
[SourceTitle "Bundesliga 9596"]
[Source "DeepChess"]
[SourceDate "2005.01.01"]
[SourceVersion "1"]
[SourceVersionDate "2005.01.01"]
[SourceQuality "1"]
[WhiteTeam "SV Tuebingen 1870 e.V."]
[BlackTeam "SG Bochum 31"]
[WhiteTeamCountry "GER"]
[BlackTeamCountry "GER"]

1. e4 c5 2. Nf3 Nc6 3. Bb5 e6 4. Bxc6 bxc6 5. O-O d6 6. e5 d5 7. d3 Ne7 8. c4
Ng6 9. b3 f5 10. Nc3 Qc7 11. Re1 Be7 12. Na4 Ba6 13. Ba3 Qa5 14. Qc2 Rd8 15.
Rad1 Kf7 16. g3 Nf8 17. d4 dxc4 18. Bxc5 Bb5 19. Bxe7 Kxe7 20. Nc5 cxb3 21.
Qxb3 h6 22. Nb7 Qa4 23. Nxd8 Qxb3 24. axb3 Kxd8 25. Ra1 a6 26. d5 exd5 27. Nd4
Kc7 28. Nxb5+ axb5 29. Ra7+ Kb6 30. Ra8 1-0

[Event "Bundesliga 9596"]
[Site "Deutschland"]
[Date "1996.??.??"]
[Round "?.4"]
[White "Backwinkel, Paul"]
[Black "Zeller, Frank"]
[Result "0-1"]
[WhiteElo "2410"]
[BlackElo "2400"]
[PlyCount "118"]
[EventDate "1995.10.??"]
[EventType "team"]
[EventRounds "15"]
[EventCountry "GER"]
[SourceTitle "Bundesliga 9596"]
[Source "DeepChess"]
[SourceDate "2005.01.01"]
[SourceVersion "1"]
[SourceVersionDate "2005.01.01"]
[SourceQuality "1"]
[WhiteTeam "SG Bochum 31"]
[BlackTeam "SV Tuebingen 1870 e.V."]
[WhiteTeamCountry "GER"]
[BlackTeamCountry "GER"]

1. Nf3 c5 2. e3 g6 3. d4 Bg7 4. c3 b6 5. dxc5 bxc5 6. Qd5 Nc6 7. Qxc5 Nf6 8.
Nbd2 O-O 9. Be2 Qc7 10. O-O d6 11. Qa3 a5 12. Nd4 Bb7 13. Bf3 Rfb8 14. Qa4 Ne5
15. Bxb7 Rxb7 16. N2f3 Nc4 17. Qc2 a4 18. Nd2 Nd5 19. Nxc4 Qxc4 20. a3 Rab8 21.
Rd1 Nb6 22. h3 Qc5 23. Re1 d5 24. Re2 e5 25. Nf3 f5 26. Ne1 e4 27. Qd1 Be5 28.
Nc2 Rf8 29. Nb4 g5 30. Re1 Rg7 31. Qh5 Rg6 32. Rb1 Qe7 33. Rd1 Rd8 34. f4 Bb8
35. b3 Qg7 36. Qe2 gxf4 37. exf4 Qxc3 38. Be3 d4 39. Rbc1 Qxb3 40. Rxd4 Rxd4
41. Bxd4 Bxf4 42. Rf1 Qg3 43. Rxf4 Qxf4 44. Qb5 Qc1+ 45. Kh2 Qc7+ 46. Kh1 Qc1+
47. Kh2 Qc7+ 48. Kh1 Qd7 49. Qe5 Kf7 50. Qh8 Qd6 51. Qxh7+ Ke8 52. Bc5 Qe6 53.
Nc6 Nd7 54. Bb4 Qf7 55. Qh8+ Qg8 56. Qh4 Rf6 57. Ne7 Qf7 58. Qf4 Qe6 59. Nc8
Qe5 $138 0-1

[Event "Bundesliga 9596"]
[Site "Deutschland"]
[Date "1996.??.??"]
[Round "?.5"]
[White "Werner, Marc"]
[Black "Sonntag, Hans Hubert"]
[Result "1/2-1/2"]
[WhiteElo "2365"]
[BlackElo "2405"]
[PlyCount "69"]
[EventDate "1995.10.??"]
[EventType "team"]
[EventRounds "15"]
[EventCountry "GER"]
[SourceTitle "Bundesliga 9596"]
[Source "DeepChess"]
[SourceDate "2005.01.01"]
[SourceVersion "1"]
[SourceVersionDate "2005.01.01"]
[SourceQuality "1"]
[WhiteTeam "SV Tuebingen 1870 e.V."]
[BlackTeam "SG Bochum 31"]
[WhiteTeamCountry "GER"]
[BlackTeamCountry "GER"]

1. e4 e5 2. Nf3 Nc6 3. Bb5 a6 4. Ba4 Nf6 5. O-O Be7 6. Qe2 b5 7. Bb3 d6 8. c3
Na5 9. Bc2 c5 10. a4 Bd7 11. d4 Nc6 12. d5 Na5 13. b4 Nb7 14. Be3 Ng4 15. Bd2
O-O 16. Na3 bxa4 17. h3 Nf6 18. Rfb1 cxb4 19. cxb4 Qc7 20. Bd3 a5 21. Rc1 Qb8
22. Rab1 Rc8 23. Rxc8+ Qxc8 24. Nc4 Bd8 25. bxa5 Ne8 26. Qe1 Nc5 27. Bc2 Qa6
28. Nb6 Bxb6 29. Rxb6 Qc4 30. Qb1 a3 31. Rb4 Qe2 32. Bd1 Qa6 33. Rb6 Qc4 34.
Rb4 Qa6 35. Rb6 1/2-1/2

[Event "Bundesliga 9596"]
[Site "Deutschland"]
[Date "1996.??.??"]
[Round "?.6"]
[White "Reschke, Stefan"]
[Black "Dutschak, Hauke"]
[Result "1-0"]
[WhiteElo "2385"]
[BlackElo "2260"]
[PlyCount "59"]
[EventDate "1995.10.??"]
[EventType "team"]
[EventRounds "15"]
[EventCountry "GER"]
[SourceTitle "Bundesliga 9596"]
[Source "DeepChess"]
[SourceDate "2005.01.01"]
[SourceVersion "1"]
[SourceVersionDate "2005.01.01"]
[SourceQuality "1"]
[WhiteTeam "SG Bochum 31"]
[BlackTeam "SV Tuebingen 1870 e.V."]
[WhiteTeamCountry "GER"]
[BlackTeamCountry "GER"]

1. d4 d6 2. g3 g6 3. Nf3 Bg7 4. Bg2 Nf6 5. c4 O-O 6. Nc3 Nc6 7. d5 Na5 8. Nd2
c5 9. Rb1 e6 10. O-O exd5 11. cxd5 Rb8 12. b4 cxb4 13. Rxb4 Bf5 14. Bb2 b6 15.
Nb5 Qe7 16. Qa1 Qxe2 17. Nf3 Qe7 18. Re1 Qd8 19. Nfd4 Bd7 20. Nc6 Nxc6 21. dxc6
Bxc6 22. Bxc6 a6 23. Nc3 d5 24. Rd4 Qc7 25. Nxd5 Nxd5 26. Bxd5 Rbd8 27. Rdd1
Bxb2 28. Qxb2 Qc5 29. Bb3 b5 30. Qf6 1-0

[Event "Bundesliga 9596"]
[Site "Deutschland"]
[Date "1996.??.??"]
[Round "?.7"]
[White "Frick, Christoph"]
[Black "Ellers, Holger"]
[Result "0-1"]
[WhiteElo "2280"]
[BlackElo "2310"]
[PlyCount "126"]
[EventDate "1995.10.??"]
[EventType "team"]
[EventRounds "15"]
[EventCountry "GER"]
[SourceTitle "Bundesliga 9596"]
[Source "DeepChess"]
[SourceDate "2005.01.01"]
[SourceVersion "1"]
[SourceVersionDate "2005.01.01"]
[SourceQuality "1"]
[WhiteTeam "SV Tuebingen 1870 e.V."]
[BlackTeam "SG Bochum 31"]
[WhiteTeamCountry "GER"]
[BlackTeamCountry "GER"]

1. Nc3 d5 2. e4 c6 3. Qe2 dxe4 4. Nxe4 Nf6 5. d3 Nxe4 6. dxe4 g6 7. Qd2 Qxd2+
8. Bxd2 Bg7 9. O-O-O Be6 10. Kb1 Nd7 11. Nf3 h6 12. Be3 Nb6 13. b3 O-O 14. Be2
Rfd8 15. Nd4 Bd7 16. Rd2 c5 17. Nf3 Rdc8 18. Rhd1 Be6 19. c4 g5 20. Ne1 Bc3 21.
Rd3 Be5 22. Nf3 Bg7 23. Ne1 f5 24. f3 Kf7 25. R3d2 f4 26. Bf2 Bc3 27. Rd3 Be5
28. R3d2 Bd6 29. Nd3 Nd7 30. Nb2 b6 31. Na4 Ne5 32. Nc3 Nc6 33. Nd5 Be5 34. Kc2
Bd4 35. Bxd4 Nxd4+ 36. Kb2 Bxd5 37. exd5 e6 38. dxe6+ Kxe6 39. Bd3 Kf6 40. Be4
Rab8 41. Kc3 Rd8 42. a3 Rd6 43. b4 Rbd8 44. Kb2 Nf5 45. Rxd6+ Rxd6 46. Rxd6+
Nxd6 47. bxc5 bxc5 48. Bd5 Nf5 49. Kb3 Ne3 50. g4 fxg3 51. hxg3 h5 52. Bb7 Ke5
53. Bc8 Nf1 54. f4+ gxf4 55. gxf4+ Kxf4 56. Ka4 Ke5 57. Kb5 Kd6 58. Ka6 Ne3 59.
Kxa7 Nxc4 60. a4 Kc7 61. Be6 Na3 62. Ka6 c4 63. Ka7 c3 0-1

[Event "Bundesliga 9596"]
[Site "Deutschland"]
[Date "1996.??.??"]
[Round "?.8"]
[White "Buenermann, Volker"]
[Black "Loseries, Uwe"]
[Result "1-0"]
[WhiteElo "2280"]
[BlackElo "2136"]
[PlyCount "61"]
[EventDate "1995.10.??"]
[EventType "team"]
[EventRounds "15"]
[EventCountry "GER"]
[SourceTitle "Bundesliga 9596"]
[Source "DeepChess"]
[SourceDate "2005.01.01"]
[SourceVersion "1"]
[SourceVersionDate "2005.01.01"]
[SourceQuality "1"]
[WhiteTeam "SG Bochum 31"]
[BlackTeam "SV Tuebingen 1870 e.V."]
[WhiteTeamCountry "GER"]
[BlackTeamCountry "GER"]

1. e4 d6 2. d4 Nf6 3. Nc3 g6 4. f3 c6 5. Be3 b5 6. Qd2 a6 7. g4 h5 8. g5 Nfd7
9. f4 Nb6 10. b3 Bg7 11. Nf3 Qc7 12. Nh4 d5 13. f5 dxe4 14. fxg6 f5 15. gxf6
exf6 16. Nxe4 Nd5 17. Bg2 f5 18. O-O O-O 19. Nc5 Nxe3 20. Qxe3 Qd8 21. Nf3 Qf6
22. Ne5 Re8 23. Qf3 Rxe5 24. dxe5 Qxe5 25. Nd3 Qd4+ 26. Kh1 Qg4 27. Rae1 Qxg6
28. Nf4 Qf7 29. Nxh5 Bd7 30. Nxg7 Qxg7 31. Qf4 1-0

[Event "Bundesliga 9596"]
[Site "Deutschland"]
[Date "1996.??.??"]
[Round "?.3"]
[White "Christiansen, Larry Mark"]
[Black "Schlosser, Philipp"]
[Result "1/2-1/2"]
[WhiteElo "2580"]
[BlackElo "2540"]
[PlyCount "123"]
[EventDate "1995.10.??"]
[EventType "team"]
[EventRounds "15"]
[EventCountry "GER"]
[SourceTitle "Bundesliga 9596"]
[Source "DeepChess"]
[SourceDate "2005.01.01"]
[SourceVersion "1"]
[SourceVersionDate "2005.01.01"]
[SourceQuality "1"]
[WhiteTeam "SG Porz e.V."]
[BlackTeam "SK Passau 1869"]
[WhiteTeamCountry "GER"]
[BlackTeamCountry "GER"]

1. c4 Nf6 2. Nc3 c5 3. Nf3 e6 4. d4 cxd4 5. Nxd4 Nc6 6. g3 Qb6 7. Ndb5 Ne5 8.
Bg2 a6 9. Qa4 Rb8 10. Be3 Bc5 11. Bxc5 Qxc5 12. Qa3 Qxa3 13. Nxa3 d6 14. f4 Nc6
15. Rd1 Ke7 16. O-O Bd7 17. Rd2 Rhd8 18. Rfd1 Be8 19. Bf3 Nb4 20. g4 h6 21. h4
Bc6 22. g5 Ne8 23. Kf2 Nc7 24. e4 b5 25. b3 Ba8 26. Be2 Bc6 27. Rc1 hxg5 28.
hxg5 Be8 29. Nd1 Nc6 30. Ne3 b4 31. Nac2 a5 32. Rh1 Na6 33. Bf3 Nc5 34. Rh7 Kf8
35. Kg3 a4 36. f5 Ke7 37. Rxg7 axb3 38. axb3 Nxb3 39. Rd1 Ne5 40. Ng4 Nxf3 41.
Kxf3 Nc5 42. f6+ Kd7 43. Ne5+ Kc7 44. Nxf7 Rd7 45. g6 Bxf7 46. gxf7 Rf8 47.
Nxb4 Rdxf7 48. Ke3 Nd7 49. Ra1 Kb7 50. Rg5 e5 51. Rb1 Nxf6 52. Rg6 Kc8 53. Nc6
Rb7 54. Rb5 Ne8 55. Rxb7 Kxb7 56. Ne7 Kb6 57. Nf5 Kc5 58. Re6 Rh8 59. Kf3 Rh3+
60. Kg4 Rh8 61. Kf3 Rh3+ 62. Kg4 1/2-1/2

[Event "Bundesliga 9596"]
[Site "Deutschland"]
[Date "1996.??.??"]
[Round "?.4"]
[White "Schmidt, Peter"]
[Black "Vaganian, Rafael A"]
[Result "0-1"]
[WhiteElo "2405"]
[BlackElo "2615"]
[PlyCount "50"]
[EventDate "1995.10.??"]
[EventType "team"]
[EventRounds "15"]
[EventCountry "GER"]
[SourceTitle "Bundesliga 9596"]
[Source "DeepChess"]
[SourceDate "2005.01.01"]
[SourceVersion "1"]
[SourceVersionDate "2005.01.01"]
[SourceQuality "1"]
[WhiteTeam "SK Passau 1869"]
[BlackTeam "SG Porz e.V."]
[WhiteTeamCountry "GER"]
[BlackTeamCountry "GER"]

1. d4 d5 2. Nf3 Bf5 3. c4 e6 4. Nc3 c6 5. Qb3 Qb6 6. c5 Qc7 7. Bf4 Qc8 8. Nh4
Ne7 9. e3 Nd7 10. Nxf5 Nxf5 11. Bd3 g6 12. O-O Be7 13. Qd1 O-O 14. b4 Re8 15.
g4 Nh4 16. Bg3 a5 17. a3 e5 18. f4 axb4 19. axb4 Rxa1 20. Qxa1 exd4 21. exd4
Bf6 22. Nd1 Nxc5 23. bxc5 Qxg4 24. Kh1 Qh3 25. Bxh4 Qxd3 0-1